|
|
|
|
| LEADER |
00000nam0a2200000 4500 |
| 001 |
34213 |
| 005 |
20231030224503.0 |
| 035 |
|
|
|a (RuTPU)RU\TPU\book\34597
|
| 035 |
|
|
|a BOOK00001248
|
| 090 |
|
|
|a 34213
|
| 100 |
|
|
|a 20011210d1973 km y0rusy50 ca
|
| 101 |
0 |
|
|a rus
|
| 102 |
|
|
|a RU
|
| 105 |
|
|
|a y z 000zy
|
| 200 |
1 |
|
|a Полупроводниковые преобразователи в электроприводах постоянного тока
|f Т. А. Глазенко
|
| 210 |
|
|
|a Ленинград
|c Энергия
|d 1973
|
| 215 |
|
|
|a 304 с.
|
| 610 |
1 |
|
|a автоматические системы
|
| 610 |
1 |
|
|a элементы
|
| 610 |
1 |
|
|a устройства
|
| 610 |
1 |
|
|a преобразователи полупроводниковые
|
| 610 |
1 |
|
|a электроприводы постоянного тока
|
| 675 |
|
|
|a 621.314.63
|v 3
|
| 675 |
|
|
|a 62-83
|v 3
|
| 700 |
|
1 |
|a Глазенко
|b Т. А.
|g Татьяна Анатольевна
|
| 801 |
|
0 |
|a RU
|b 63413507
|c 20011210
|g PSBO
|
| 801 |
|
2 |
|a RU
|b 63413507
|c 20210302
|g PSBO
|
| 900 |
|
|
|a Элементы и устройства автоматики
|
| 900 |
|
|
|a Основы преобразовательной техники
|
| 900 |
|
|
|a Устройства преобразовательной техники
|
| 900 |
|
|
|a Электропитание ЭМА
|
| 942 |
|
|
|c BK
|